000 00334nam a2200145Ia 4500
008 230718s9999 xx 000 0 und d
041 _aEng.
082 _a343.54
_bBAJ-A
100 _aBajwa,Akhtar
245 0 _aAdministrative law
260 _aPakistan
_bCivil law publisher
_c2012
300 _a202
650 _aLaw
999 _c30326
_d30326